| 000 | 01434nam a2200313Ia 4500 | ||
|---|---|---|---|
| 003 | GCL | ||
| 008 | 140319s9999 xx 000 0 ara d | ||
| 020 | _a4873299953 | ||
| 040 |
_aGCL / _cGCL |
||
| 082 | 0 | 4 |
_a327.117 _bهـ ق |
| 100 | 1 | _aهيرش، سيمور . م | |
| 245 | 1 | 0 |
_aالقيادة الاميركية العمياء : _bالطريق من 11 ايلول إلى سجن ابوغريب / _cهيرش، سيمور . م |
| 250 | _aالاولى | ||
| 260 |
_aبيروت : _bالدار العربية للعلوم ، _c2005 |
||
| 300 |
_a326 ص ؛ _c24 سم |
||
| 650 | 0 | 4 | _aالولايات المتحدة الامريكية - الاحوال السياسية |
| 650 | 0 | 4 | _aالولايات المتحدة الامريكية - السياسة الخارجية |
| 650 | 0 | 4 | _aالمخابرات العسكرية - الولايات المتحدة الامريكية |
| 650 | 0 | 4 | _aالاعتداء الامريكى على العراق |
| 650 | 0 | 4 | _aسجن ابوغريب |
| 650 | 0 | 4 | _aاحداث 11 سبتمبر - نتائج |
| 650 | 0 | 4 | _aالارهاب الدولى - مكافحة |
| 650 | 0 | 4 | _aالجماعات الارهابية |
| 650 | 0 | 4 | _aالولايات المتحدة الامريكية - مكافحة الارهاب |
| 650 | 0 | 4 | _aالمباحث الفيدرالية |
| 650 | 0 | 4 | _aبرنامج النفط مقابل الغذاء |
| 650 | 0 | 4 | _aالجواسيس الامريكيون |
| 942 |
_2ddc _cBK |
||
| 999 |
_c9465 _d9465 |
||